[Event "8' Open Integrale "]
[Site "MORROVALLE"]
[Date "2018.08.14"]
[Round "6"]
[White "Casagrande, Francesco"]
[Black "Sagripanti, Michele"]
[Result "0-1"]
[WhiteElo "1940"]
[BlackElo "2165"]
[PlyCount "96"]
[EventDate "2018.??.??"]
[EventCountry "ITA"]
[SourceDate "2018.08.15"]

1. d4 Nf6 2. c4 e6 3. Nf3 Bb4+ 4. Nbd2 O-O 5. e3 Nc6 6. Bd3 Qe7 7. O-O Bxd2 8.
Bxd2 d6 9. e4 e5 10. d5 Nb8 11. h3 a5 12. b4 axb4 13. Bxb4 Na6 14. a3 Nd7 15.
Nd2 Ndc5 16. Nb3 Nxb3 17. Qxb3 Qg5 18. Bc2 b6 19. Qe3 Qxe3 20. fxe3 Bd7 21.
Rfb1 Ra7 22. Ra2 Rfa8 23. Rab2 Kf8 24. Kf2 Ke7 25. Kf3 f6 26. Bd3 Be8 27. Bc2
Bg6 28. g4 h6 29. Rg1 Rh8 30. h4 Raa8 31. Rbb1 Ra7 32. Rb2 Rha8 33. h5 Be8 34.
Rgb1 Nb8 35. Ra2 Nd7 36. Rba1 Nf8 37. a4 Nh7 38. Ra3 Ng5+ 39. Ke2 Bd7 40. Rg1
Kd8 41. Kd3 Bxa4 42. Rxa4 Rxa4 43. Bxa4 Rxa4 44. Bc3 Ra2 45. Rg3 Ra3 46. Rg1
Ke7 47. Rc1 Ra2 48. Rg1 Nh3 0-1